Online
Catalog

Factores que limitan la productividad de frijol en Colombia / (Record no. 40944)

MARC details
000 -CABECERA
campo de control de longitud fija 00467nam a2200133 a 4500
001 - NÚMERO DE CONTROL
campo de control 000041454
005 - FECHA Y HORA DE LA ÚLTIMA TRANSACCIÓN
campo de control 20201002034913.0
008 - DATOS DE LONGITUD FIJA--INFORMACIÓN GENERAL
campo de control de longitud fija 131007s1977 cl 000 0 spa d
040 ## - FUENTE DE LA CATALOGACIÓN
Centro catalogador/agencia de origen DO-SdBNP
Lengua de catalogación spa
Centro/agencia transcriptor BNPHU
245 00 - MENCIÓN DE TÍTULO
Título Factores que limitan la productividad de frijol en Colombia /
Mención de responsabilidad, etc. Nocha Ruiz de Londoño...[et.al].
260 ## - PUBLICACIÓN, DISTRIBUCIÓN, ETC.
Lugar de publicación, distribución, etc. Cali :
Nombre del editor, distribuidor, etc. Centro Internacional de Agricultura Tropical,
Fecha de publicación, distribución, etc. 1977 m.
300 ## - DESCRIPCIÓN FÍSICA
Extensión 44 p. ;
Dimensiones 22 cm.
700 1# - PUNTO DE ACCESO ADICIONAL--NOMBRE DE PERSONA
Nombre de persona Ruiz de Londoño, Nocha
9 (RLIN) 68125
Holdings
Estado de retiro Estado de pérdida Restricciones de uso No para préstamo Código de colección Localización permanente Ubicación/localización actual Ubicación en estantería Fecha de adquisición Número de inventario Total de préstamos Signatura topográfica completa Código de barras Fecha visto por última vez Precio válido a partir de Tipo de ítem Koha
      Excluido de préstamo Monografías: Libros y Folletos General General En catalogación 07.10.2013 LF1   41454-10 25.06.2020 25.06.2020 No se presta

Powered by Koha